Sports Quiz

Random Sports or WWE Quiz

WrestleMania XXX Quiz Stats

 Plays Quiz not verified by Sporcle

Score 0/68 Timer 13:00
0 Plays Today
Hint Answer % Correct
Match 7 - Triple Threat Match for the WWE World Heavyweight ChampionshipRandy Orton
100%
Match 1 - Singles MatchTriple H
96.8%
Match 1 - Singles MatchDaniel Bryan
95.2%
Match 7 - Triple Threat Match for the WWE World Heavyweight ChampionshipDaniel Bryan
95.2%
Match 7 - Triple Threat Match for the WWE World Heavyweight ChampionshipBatista
95.2%
Match 2 - Six-Man Tag Team MatchSeth Rollins
93.7%
Match 2 - Six-Man Tag Team MatchRoman Reigns
92.1%
Match 4 - Singles MatchJohn Cena
92.1%
Match 2 - Six-Man Tag Team MatchDean Ambrose
90.5%
Match 2 - Six-Man Tag Team MatchKane
88.9%
Match 5 - Singles MatchThe Undertaker
88.9%
Pre-Show: Fatal 4-Way Tag Team Elimination Match for the WWE Tag Team ChampionshipCesaro
85.7%
Match 3 - 31-Man André the Giant Memorial Battle Royal for the Memorial TrophyCesaro
85.7%
Match 6 - Vickie Guerrero Invitational Match for the WWE Divas ChampionshipBrie Bella
85.7%
Pre-Show: Fatal 4-Way Tag Team Elimination Match for the WWE Tag Team ChampionshipJey Uso
84.1%
Pre-Show: Fatal 4-Way Tag Team Elimination Match for the WWE Tag Team ChampionshipJimmy Uso
84.1%
Match 4 - Singles MatchBray Wyatt
84.1%
Match 6 - Vickie Guerrero Invitational Match for the WWE Divas ChampionshipNikki Bella
84.1%
Match 3 - 31-Man André the Giant Memorial Battle Royal for the Memorial TrophyBig Show
82.5%
Match 5 - Singles MatchBrock Lesnar
81%
Match 3 - 31-Man André the Giant Memorial Battle Royal for the Memorial TrophyKofi Kingston
77.8%
Match 3 - 31-Man André the Giant Memorial Battle Royal for the Memorial TrophyXavier Woods
77.8%
Match 2 - Six-Man Tag Team MatchBilly Gunn
76.2%
Match 2 - Six-Man Tag Team MatchRoad Dogg
76.2%
Match 3 - 31-Man André the Giant Memorial Battle Royal for the Memorial TrophySheamus
76.2%
Match 3 - 31-Man André the Giant Memorial Battle Royal for the Memorial TrophyBig E
74.6%
Match 6 - Vickie Guerrero Invitational Match for the WWE Divas ChampionshipNatalya
74.6%
Match 6 - Vickie Guerrero Invitational Match for the WWE Divas ChampionshipAJ Lee
73%
Match 3 - 31-Man André the Giant Memorial Battle Royal for the Memorial TrophyThe Miz
71.4%
Pre-Show: Fatal 4-Way Tag Team Elimination Match for the WWE Tag Team ChampionshipJack Swagger
66.7%
Match 3 - 31-Man André the Giant Memorial Battle Royal for the Memorial TrophyTitus O’Neil
66.7%
Match 3 - 31-Man André the Giant Memorial Battle Royal for the Memorial TrophyTyson Kidd
66.7%
Match 6 - Vickie Guerrero Invitational Match for the WWE Divas ChampionshipAlicia Fox
66.7%
Match 6 - Vickie Guerrero Invitational Match for the WWE Divas ChampionshipNaomi
66.7%
Hint Answer % Correct
Pre-Show: Fatal 4-Way Tag Team Elimination Match for the WWE Tag Team ChampionshipDiego
65.1%
Pre-Show: Fatal 4-Way Tag Team Elimination Match for the WWE Tag Team ChampionshipFernando
65.1%
Match 6 - Vickie Guerrero Invitational Match for the WWE Divas ChampionshipTamina Snuka
65.1%
Pre-Show: Fatal 4-Way Tag Team Elimination Match for the WWE Tag Team ChampionshipCurtis Axel
63.5%
Pre-Show: Fatal 4-Way Tag Team Elimination Match for the WWE Tag Team ChampionshipRyback
63.5%
Match 3 - 31-Man André the Giant Memorial Battle Royal for the Memorial TrophyDolph Ziggler
63.5%
Match 3 - 31-Man André the Giant Memorial Battle Royal for the Memorial TrophyZack Ryder
63.5%
Match 3 - 31-Man André the Giant Memorial Battle Royal for the Memorial TrophyCody Rhodes
61.9%
Match 3 - 31-Man André the Giant Memorial Battle Royal for the Memorial TrophyAlberto Del Rio
60.3%
Match 3 - 31-Man André the Giant Memorial Battle Royal for the Memorial TrophyDarren Young
60.3%
Match 3 - 31-Man André the Giant Memorial Battle Royal for the Memorial TrophySin Cara
60.3%
Match 3 - 31-Man André the Giant Memorial Battle Royal for the Memorial TrophyHeath Slater
58.7%
Match 3 - 31-Man André the Giant Memorial Battle Royal for the Memorial TrophyMark Henry
58.7%
Match 3 - 31-Man André the Giant Memorial Battle Royal for the Memorial TrophyRey Mysterio
57.1%
Match 3 - 31-Man André the Giant Memorial Battle Royal for the Memorial TrophyGoldust
54%
Match 3 - 31-Man André the Giant Memorial Battle Royal for the Memorial TrophyDamien Sandow
52.4%
Match 3 - 31-Man André the Giant Memorial Battle Royal for the Memorial TrophyR-Truth
52.4%
Match 3 - 31-Man André the Giant Memorial Battle Royal for the Memorial TrophyFandango
50.8%
Match 3 - 31-Man André the Giant Memorial Battle Royal for the Memorial TrophyDrew McIntyre
49.2%
Match 6 - Vickie Guerrero Invitational Match for the WWE Divas ChampionshipCameron
49.2%
Match 6 - Vickie Guerrero Invitational Match for the WWE Divas ChampionshipLayla
47.6%
Match 3 - 31-Man André the Giant Memorial Battle Royal for the Memorial TrophyJinder Mahal
46%
Match 6 - Vickie Guerrero Invitational Match for the WWE Divas ChampionshipSummer Rae
46%
Match 6 - Vickie Guerrero Invitational Match for the WWE Divas ChampionshipAksana
44.4%
Match 6 - Vickie Guerrero Invitational Match for the WWE Divas ChampionshipEmma
44.4%
Match 3 - 31-Man André the Giant Memorial Battle Royal for the Memorial TrophyJustin Gabriel
41.3%
Match 6 - Vickie Guerrero Invitational Match for the WWE Divas ChampionshipEva Marie
41.3%
Match 3 - 31-Man André the Giant Memorial Battle Royal for the Memorial TrophyDavid Otunga
36.5%
Match 3 - 31-Man André the Giant Memorial Battle Royal for the Memorial TrophySantino Marella
34.9%
Match 6 - Vickie Guerrero Invitational Match for the WWE Divas ChampionshipRosa Mendes
34.9%
Match 3 - 31-Man André the Giant Memorial Battle Royal for the Memorial TrophyYoshi Tatsu
33.3%
Match 3 - 31-Man André the Giant Memorial Battle Royal for the Memorial TrophyThe Great Khali
28.6%
Match 3 - 31-Man André the Giant Memorial Battle Royal for the Memorial TrophyBrodus Clay
27%
Match 3 - 31-Man André the Giant Memorial Battle Royal for the Memorial TrophyBrad Maddox
22.2%

You're not logged in!

Compare scores with friends on all Sporcle quizzes.
OR
Log In

Sporcle TV

Today on Sporcle TV


Watch our educational content, quiz creation guides, and fun videos on Sporcle TV.

Show Comments

Extras

Created Sep 3, 2019SourceReportNominate
Tags:WWE Quiz

Top Quizzes Today


Score Distribution

Your Account Isn't Verified!

In order to create a playlist on Sporcle, you need to verify the email address you used during registration. Go to your Sporcle Settings to finish the process.

Report this User

Report this user for behavior that violates our Community Guidelines.

Details: